Регионална библиотека "Любен Каравелов" - Русе

Глобализацията и недоволните от нея (Запис номер 104605)

MARC детайли
000 -Лидер
Контролно поле с фиксирана дължина 02092nam a2200409 c 4500
003 - Код на организацията, давaща контролен номер
Контролно поле BLK
005 - Дата и час на последна редакция
Контролно поле 20181029121415.0
008 - Елементи от данни с фиксирана дължина
fixed length control field 180409b bul|||||r ||||||| ||bul||
010 ## - Наследен системен номер
LC control number KNG00109713000
020 ## - Международен стандартен номер на книга ISBN
Международен стандартен номер на книга ISBN 954-494-559-8
040 ## - Източник на каталожния запис
Идентификатор на билиотеката - собственик на записа BLK
041 ## - Код за език
Код за езика на текст/звукозапис или на отделно заглавие Български
Код за езика КДБФ Български
080 ## - УДК
Текстов определител УДК Политически подсистеми и институции. Социология на политиката
УДК код - определител по УДК 316.334.3
УДК - код + определител 316.334.3
080 ## - УДК
Текстов определител УДК Международни политически отношения. Световна политика. Международна политика. Дипломация
УДК код - определител по УДК 327
УДК - код + определител 327
080 ## - УДК
Текстов определител УДК Международни икономически отношения. Външностопанска политика. Световно стопанство
УДК код - определител по УДК 339.9
УДК - код + определител 339.9
100 1# - Редна дума - Автор
Автор Стиглиц, Джоузеф Е.
Авторска отговорност първи автор
R(LIN) 124671
139 ## - Редно поле
Редна дума Стиглиц, Джоузеф Е.
Авторски знак Сти - С 76
245 10 - Сведения за заглавието
Заглавие Глобализацията и недоволните от нея
Редно поле (дума) Джоузеф Е. Стиглиц; прев. Валерия Маринова.
257 ## - Страна на издаване
Страна на създаване/издаване Съединени американски щати
260 ## - Област на издателските данни
Име на издателя, разпространителя и проч. Унив. изд. Стопанство
Година на издаване 2003
300 ## - Физическа характеристика
Страници 324 с.
Размери/Мащаб 25 см
380 ## - Жанр
Жанр Обществени науки
500 ## - Общи забележки
Забележка Ориг. загл. Globalization and its Discontents / Joseph E. Stiglitz. - Офс. изд. - Индекс.
650 #4 - Допълнително описание по предмет – тема
Основно описание – тема или топоним Глобализация
9 (RLIN) 152211
650 #4 - Допълнително описание по предмет – тема
Основно описание – тема или топоним Международна политика
9 (RLIN) 254556
650 #4 - Допълнително описание по предмет – тема
Основно описание – тема или топоним Световно стопанство
9 (RLIN) 251664
653 ## - Ключова дума – ненормативна
Ключова дума глобализация
653 ## - Ключова дума – ненормативна
Ключова дума международни политически отношения
653 ## - Ключова дума – ненормативна
Ключова дума международни икономически отношения
653 ## - Ключова дума – ненормативна
Ключова дума световно стопанство
700 1# - Други автори (авторска отговорност)
Лично име Маринова, Валерия
Автороска отговорност (Описва отношението между автора и произведението) прев.
9 (RLIN) 374237
852 ## - Местоположение
Форматна сигнатура Цб 217193
856 4# - Електронен адрес и достъп
Електронен формат pdf - файл
856 4# - Електронен адрес и достъп
Електронен формат pdf - файл
999 ## - СИСТЕМНИ КОНТРОЛНИ НОМЕРА
Koha biblionumber 104605
Koha biblioitemnumber 104605
942 ## - АРТИКУЛИ
Вид на библиотечния материал Книги
Скрит в OPAC Не
944 ## - СЪЗДАВАНЕ И РЕДАКЦИЯ на ЗАПИСА
Създаване/Редакция Създаване
Дата на регистрацията/редакция 16.12.2003
Служител, извършил регистрацията/редакцията Людмила_Стоянова
944 ## - СЪЗДАВАНЕ И РЕДАКЦИЯ на ЗАПИСА
Създаване/Редакция Редакция
Дата на регистрацията/редакция 19.12.2016
Служител, извършил регистрацията/редакцията Виолета_Тройчева
999 ## - СИСТЕМНИ КОНТРОЛНИ НОМЕРА
Koha biblioitemnumber 104605
Наличности
Код за отписване Код за изгубен артикул Код за повреда Коз за рестрикции Код за отдаване Артикулен № Име на библиотеката - собственик Име на библиотеката, в която се намира в момента Статус (Текущо местоположение) Дата на вписване в системата Местоположение - отдел Цена в лева Инвентарен номер Систематично азбучна сигнатура Баркод Номер на екземпляра Цена в евро Служебна бележка Служебен тип на артикула
  Не е изгубен Не е повреден без рестрикции ползва се в читалня 168999 Регионална библиотека "Любен Каравелов" Русе Регионална библиотека "Любен Каравелов" Русе Читалня 2003-12-16 Читалня 18.00 120000681048 Ч 316/С 76 120000681048 1 9.20 Дост: Pk Вид: Ф N: 9 Дата: 16.12.2003 Дата инв: 22.03.2017 Бележки инв: Ч2017 Книги
Vip Innovations Ltd, Rousse, Bulgaria 2025